000 01047nam0a2200325 4500
001 RU\NLR\bibl\1430151
005 20250615221445.0
010 _a978-5-7793-1708-5
_bв пер.
021 _aRU
_b2009-69431
_94297
035 _a(NLR Aleph) 001422063
090 _a1348967
_c1348967
100 _a20090820d2009 |||y0rusy50 ca
101 0 _arus
102 _aRU
105 _aa |||||||||
200 1 _aЖар-Птица
_eбалетные сказки и легенды
_fС. Дубкова
210 _aМосква
_cБелый город
_d2009
215 _a335 с.
_cил., цв. ил., портр.
_d22
606 1 _aБалет
_91077548
_3RU\NLR\auth\66101929
686 _aЩ327.44(0).0
_2rubbk
686 _aЩ335.423(0),0
_2rubbk
686 _aЩ335.42
700 1 _aДубкова
_bС. И.
_gСветлана Ивановна
_4070
801 0 _aRU
_bРКП
_c20090820
_grcr
801 1 _aRU
_bРГБ
_c20090820
801 2 _aRU
_bNLR
_c20091026
_grcr
830 _aавт. по кн.
942 _cBOOK
980 _aNB